Guía secreta de aves (Registro nro. 17810)

Detalles MARC
000 -LDR (LÍDER)
Campo de control de longitud fija 01651nam a2200325 a 4500
003 - IDENTIFICADOR DEL NÚMERO DE CONTROL
Campo de control CO-PeBPR
005 - FECHA Y HORA DE LA ÚLTIMA TRANSACCIÓN
Campo de control 20260428155544.0
008 - ELEMENTOS DE DATOS DE LONGITUD FIJA--INFORMACIÓN GENERAL
Campo de control de longitud fija 260415e2024 ck a|||| n||| 00| 0 spa c
020 ## - Código Internacional normalizado para libros
Código Internacional normalizado para libros 9786287687165
040 0# - FUENTE DE CATALOGACIÓN
Agencia catalogadora original CO-PeBPR
Idioma de la agencia catalogadora spa
Agencia que transcribe CO-PeBPR
Norma para la descripción rda
041 0# - Código del Idioma
Código idioma del recurso original spa
082 04 - NÚMERO DE CLASIFICACIÓN DECIMAL DEWEY
Número de clasificación (i) 598 C139g
100 1# - ASIENTO PRINCIPAL--NOMBRE PERSONAL
Nombre personal Cajiao, Javier
Términos de relación autor
245 10 - MENCIÓN DE TÍTULO
Título propiamente dicho Guía secreta de aves
Mención de responsabilidad / Javier Cajiao ; ilustraciones de Julián Ariza
250 ## - MENCIÓN DE EDICIÓN
Mención de edición Edición especial
264 #1 - Área de la Producción Publicación, Distribución, Manufactura, etc.
Lugar de publicación, distribución, etc. Bogotá, Colombia
Nombre de la editorial, distribuidor, etc. : Penguin Random House
Fecha de publicación, distribución, etc. , 2024
300 ## - DESCRIPCIÓN FÍSICA
Extensión 56 páginas
Otros detalles físicos : ilustraciones a color
Dimensiones ; 24 centímetros
336 ## - Tipo de Contenido
Tipo de contenido texto
Código de tipo de contenido txt
Fuente rdacontenido
337 ## - Tipo de Medio
Tipo de Medio sin mediación
Código de tipo de medio n
Fuente rdamedio
338 ## - Tipo de Soporte
Tipo de soporte volumen
Código de tipo de soporte nc
Fuente rdasoporte
490 ## - MENCIÓN DE SERIE
Título de la serie Plan Nacional de Lectura, Escritura y Oralidad / Ministerio de las Culturas, las Artes y los Saberes
520 ## - NOTA DE RESUMEN, ETC.
Nota de sumario Mira por tu ventana, entre las ramas de los árboles, guarda silencio y allí donde veas estarán ellas, revoloteando, agitando las hojas. En esta particular guía de aves conocerás a algunas de las especies más extraordinarias de América, desde, los cucaracheros que anidad lo profundo de la selva amazónica. Esta no es solo una guía para pajarear, es tu primera salida para avistar aves, un recorrido en el que con solo pasar una página ellas te contarán todos su secretos.
650 14 - ASIENTO SECUNDARIO DE MATERIA - TÉRMINO TEMÁTICO
Fuente del encabezado o término LEMB
Encabezamiento temático Aves
Subdivisión general Clasificación
Subdivisión de forma Literatura infantil
650 14 - ASIENTO SECUNDARIO DE MATERIA - TÉRMINO TEMÁTICO
Fuente del encabezado o término LEMB
Encabezamiento temático Observación de aves
650 14 - ASIENTO SECUNDARIO DE MATERIA - TÉRMINO TEMÁTICO
Fuente del encabezado o término LEMB
Encabezamiento temático Conservación de la naturaleza
650 14 - ASIENTO SECUNDARIO DE MATERIA - TÉRMINO TEMÁTICO
Fuente del encabezado o término LEMB
Encabezamiento temático Aves
Subdivisión general Hábitos y conducta
650 14 - ASIENTO SECUNDARIO DE MATERIA - TÉRMINO TEMÁTICO
Fuente del encabezado o término LEMB
Encabezamiento temático Aves
Subdivisión general Distribución geográfica
700 1# - ASIENTO SECUNDARIO - NOMBRE PERSONAL
Nombre personal Ariza, Julián
Término de relación, rol en la obra ilustrador
942 ## - ENTRADA DE ELEMENTOS AGREGADOS (KOHA
Fuente de clasificación o esquema de estantería. Dewey Decimal Classification
Tipo de ítem Literatura Infantil
Existencias
Estado de pérdida Fuente del sistema de clasificación o colocación Estado de daño No disponible para préstamo Colección Biblioteca de origen Biblioteca actual Ubicación en estantería Signatura topográfica completa Ejemplar Código de barras Tipo de ítem Fecha de adquisición Fuente de adquisición Total de pagos Fecha de la última vez visto
  Dewey Decimal Classification     Infantil Sala de Patrimonio Bibliográfico y Documental - Biblioteca Departamental Sala de Patrimonio Bibliográfico y Documental - Biblioteca Departamental Área Infantil (i) 598 C139g Ej.1 RIBPD16116 Literatura Infantil 28/04/2026 Dotación MinCultura y BNC   28/04/2026